Advertising management / (Record no. 82643)
[ view plain ]
| 000 -LEADER | |
|---|---|
| fixed length control field | 00765nam a2200301Ia 4500 |
| 003 - CONTROL NUMBER IDENTIFIER | |
| control field | OSt |
| 005 - DATE AND TIME OF LATEST TRANSACTION | |
| control field | 20240506050400.0 |
| 008 - FIXED-LENGTH DATA ELEMENTS--GENERAL INFORMATION | |
| fixed length control field | 210329s9999||||xx |||||||||||||| ||und|| |
| 020 ## - INTERNATIONAL STANDARD BOOK NUMBER | |
| International Standard Book Number | 8120312198 |
| 040 ## - CATALOGING SOURCE | |
| Transcribing agency | STCPL |
| 041 ## - LANGUAGE CODE | |
| Language code of text/sound track or separate title | English |
| 082 ## - DEWEY DECIMAL CLASSIFICATION NUMBER | |
| Classification number | 659 |
| Item number | RAJ-A |
| 100 ## - MAIN ENTRY--PERSONAL NAME | |
| Personal name | Batra, Rajeev |
| 100 ## - MAIN ENTRY--PERSONAL NAME | |
| Personal name | Myers, John G. |
| 100 ## - MAIN ENTRY--PERSONAL NAME | |
| Personal name | Aaker, David A. |
| 245 #0 - TITLE STATEMENT | |
| Title | Advertising management / |
| Statement of responsibility, etc. | by Rajeev Batra, John G. Myers and David A. Aaker |
| 250 ## - EDITION STATEMENT | |
| Edition statement | 5th ed. |
| 260 ## - PUBLICATION, DISTRIBUTION, ETC. | |
| Place of publication, distribution, etc. | New Delhi : |
| Name of publisher, distributor, etc. | Prentice Hall of India Pvt. Ltd., |
| Date of publication, distribution, etc. | 1997 . |
| 300 ## - PHYSICAL DESCRIPTION | |
| Extent | 754 p. |
| Other physical details | Paper Back |
| 650 ## - SUBJECT ADDED ENTRY--TOPICAL TERM | |
| Topical term or geographic name entry element | Advertising management |
| 650 ## - SUBJECT ADDED ENTRY--TOPICAL TERM | |
| Topical term or geographic name entry element | English literature |
| 650 ## - SUBJECT ADDED ENTRY--TOPICAL TERM | |
| Topical term or geographic name entry element | Marketing strategy |
| 942 ## - ADDED ENTRY ELEMENTS (KOHA) | |
| Koha item type | Books |
| 942 ## - ADDED ENTRY ELEMENTS (KOHA) | |
| Source of classification or shelving scheme | Dewey Decimal Classification |
| 942 ## - ADDED ENTRY ELEMENTS (KOHA) | |
| Source of classification or shelving scheme | Dewey Decimal Classification |
| 942 ## - ADDED ENTRY ELEMENTS (KOHA) | |
| Source of classification or shelving scheme | Dewey Decimal Classification |
| 942 ## - ADDED ENTRY ELEMENTS (KOHA) | |
| Source of classification or shelving scheme | Dewey Decimal Classification |
| Withdrawn status | Lost status | Source of classification or shelving scheme | Damaged status | Collection code | Not for loan | Home library | Current library | Shelving location | Date acquired | Cost, normal purchase price | Total Checkouts | Full call number | Barcode | Date last seen | Price effective from | Koha item type |
|---|---|---|---|---|---|---|---|---|---|---|---|---|---|---|---|---|
| Dewey Decimal Classification | English | ST. THOMAS COLLEGE LIBRARY, PALAI | ST. THOMAS COLLEGE LIBRARY, PALAI | English | 2021-07-10 | 195.00 | 659 RAJ-A | 57572 | 2021-07-10 | 2021-07-10 | Books | |||||
| Dewey Decimal Classification | English | ST. THOMAS COLLEGE LIBRARY, PALAI | ST. THOMAS COLLEGE LIBRARY, PALAI | English | 2021-07-10 | 195.00 | 659 RAJ-A | 58756 | 2021-07-10 | 2021-07-10 | Books | |||||
| Dewey Decimal Classification | English | ST. THOMAS COLLEGE LIBRARY, PALAI | ST. THOMAS COLLEGE LIBRARY, PALAI | English | 2021-07-10 | 195.00 | 659 RAJ-A | 58757 | 2021-07-10 | 2021-07-10 | Books |
